Statistics for 15 Top Selling MLB Jerseys

Click here to take the quiz!

General Stats

  • This quiz has been taken 5,221 times
    (5,216 since last reset)
  • The average score is 5 of 15

Answer Stats

HintAnswer% Correct
2Derek Jeter
91%
13Alex Rodriguez
57%
5Albert Pujols
50%
34Bryce Harper
39%
22Clayton Kershaw
31%
24Robinson Cano
29%
28Prince Fielder
25%
35Justin Verlander
25%
32Josh Hamilton
24%
15Dustin Pedroia
19%
34Roy Halladay
16%
7Joe Mauer
15%
33Cliff Lee
15%
26Chase Utley
13%
11Yu Darvish
5%

Score Distribution

Percentile by Number Answered

Percent of People with Each Score

Your Score History

You have not taken this quiz since the last reset